| 000 | 00436nam a2200169Ia 4500 | ||
|---|---|---|---|
| 008 | 230711s9999||||xx |||||||||||||| ||und|| | ||
| 020 | _a978-1-25-900684-5 | ||
| 041 | _aENG | ||
| 082 |
_a621.106 _bSU-H |
||
| 100 | _aSubramanya,K | ||
| 245 | 0 | _aHydraulic Machines | |
| 250 | _a3rd Ed. | ||
| 260 |
_c2017 _aNew Delhi _bMcGraw Hill Education(India) Private Limited |
||
| 300 | _a599p. | ||
| 650 | _aMechanical Engineering | ||
| 942 | _cBK | ||
| 999 |
_c6684 _d6684 |
||